zpět

Detail výsledku týmu

Baarovka, České Budějovice

Datum a čas kvízu

29 Celkem bodů Celkový počet nahraných bodů na tomto kvízu bez doplňovacích otázek.
5. Pořadí na kvízu Konečné umístění týmu na tomto kvízu.

Zaznamenané odpovědi

# Otázka Odpověď Body Výsledky
1. Nestává se často, aby Černínsk... Mahátma Gándhí 0
2. V předčasných volbách do posla... Sluha národa 1
3. Minulý týden se stala na serve... Bohemian Rhapsody, Queen 0
4. Řetězec supermarketů a hyperma... Albert/ Ahold 1
5. Slavná Tour de France, která t... Egan Bernal 1
6. Anch (též nilský kříž) je egyp... Koptové 1
7. Na obrázku vidíme jednoho z ne... hlavohruď, zadeček 1
8. Jiří Křižan žil mezi lety 1941... Je třeba zabít Sekala 0
5. Jedním z nejznámějších křižník... Kateřina II. Veliká 1
5. Úsek dálnice D1 poblíž známého... při svatebním průvodu 1